000 00991nam a22002897a 4500
001 894
005 20230713143750.0
008 230713b cb ||||| |||| 00| 0 eng d
020 _a0439095522
040 _aDLC
_cDLC
_dDLC
_beng
050 0 0 _aF69.R43
_bS85 1999
082 0 0 _a973.3/311/092
_aB
_221
100 1 _aSullivan, George,
_d1927-
245 1 0 _aPaul Revere /
_cAuthor: Sullivan, George .
250 _aFirst printing, September 1999.
260 _aNew York :
_bScholastic,
_c1999.
300 _a128 pages :
_billustrations,
_c20 cm.
490 1 _aIn their own words
505 _aR
520 _aA biography of the man made famous by a poem about the American Revolution, placing his life and work in its real historical context.
521 _a740
_bLexile
521 _aR
_bRaz-Plus
650 0 _aStatesmen
_zMassachusetts
_vBiography
_vJuvenile literature.
650 1 _aSilversmiths.
906 _a7
_bcbc
_corignew
_d1
_eocip
_f19
_gy-gencatlg
942 _2ddc
_cBK
_n0
999 _c894
_d894